Nommez les villes et les lieux plus grands plus connus du Luxembourg - Statistiques

Statistiques générales
  • Ce quiz a été pris 14 fois
  • Le résultat moyen est 7 sur 20
Statistiques - réponses
Réponse % Correct
Luxembourg
100%
Dudelange
54%
Esch-sur-Alzette
54%
Echternach
46%
Remich
46%
Wiltz
46%
Capellen
38%
Clervaux
38%
Differdange
38%
Ettelbruck
38%
Vianden
38%
Grevenmacher
31%
Strassen
31%
Diekirch
23%
Mamer
23%
Mondorf-les-Bains
23%
Troisvierges
23%
Esch-sur-Sûre
15%
Rumelange
8%
Schengen
8%
Aucun quiz correspondant
Distribution des résultats
% des personnes avec chaque résultat
Percentile par nombre de réponses
Votre historique - résultats
Vous n’avez pas pris ce quiz